Global industrial real estate highlights 2008 (Record no. 107989)

MARC details
000 -LEADER
fixed length control field 01402cad a22002295a 4500
001 - CONTROL NUMBER
control field L142815
008 - FIXED-LENGTH DATA ELEMENTS--GENERAL INFORMATION
fixed length control field 080311s2008 xxkad f s 000 0 eng d
035 ## - SYSTEM CONTROL NUMBER
System control number (Sirsi) u142815
041 0# - LANGUAGE CODE
Language code of text/sound track or separate title eng
050 04 - LIBRARY OF CONGRESS CALL NUMBER
Classification number 333.33 $2 18
110 2# - MAIN ENTRY--CORPORATE NAME
Corporate name or jurisdiction name as entry element Colliers International Property Consultants
9 (RLIN) 1881
245 00 - TITLE STATEMENT
Title Global industrial real estate highlights 2008
Medium [electronic resource]
260 ## - PUBLICATION, DISTRIBUTION, ETC.
Place of publication, distribution, etc. [S.l.]
Name of publisher, distributor, etc. Colliers
Date of publication, distribution, etc. 2008
490 #0 - SERIES STATEMENT
Series statement Colliers Global Industrial Real Estate Highlights
Volume/sequential designation 2008
520 ## - SUMMARY, ETC.
Summary, etc. Reports that despite the credit crunch, most markets expect stable or even rising rents in 2008. Land prices are also expected to remain firm as are yields/capitalisation rates. Expects both European and North American warehouse markets to show modest growth, although less than 2007. However, expects Canada to operate above trend and North American markets linked to energy or agriculture to remain robust. Expects leasing to fall in line with the economic slowdown, but warehouse rents to hold or increase in North America. Expects the Asia Pacific region to continue to be the global growth leader in 2008.
590 ## - LOCAL NOTE (RLIN)
Local note KA
650 24 - SUBJECT ADDED ENTRY--TOPICAL TERM
Topical term or geographic name entry element COLLIERS GLOBAL INDUSTRIAL REAL ESTATE HIGHLIGHTS
651 #4 - SUBJECT ADDED ENTRY--GEOGRAPHIC NAME
Geographic name International
690 ## - LOCAL SUBJECT ADDED ENTRY--TOPICAL TERM (OCLC, RLIN)
Topical term or geographic name as entry element PROPERTY-COMMERCIAL PROPERTY-COMMERCIAL PROPERTY MARKET
856 48 - ELECTRONIC LOCATION AND ACCESS
Uniform Resource Identifier <a href="https://www.colliers.com/">https://www.colliers.com/</a>
Public note View the report free of charge at www.colliers.com...
942 ## - ADDED ENTRY ELEMENTS (KOHA)
Suppress in OPAC 0
Holdings
Withdrawn status Lost status Source of classification or shelving scheme Damaged status Not for loan Home library Current library Shelving location Date acquired Total Checkouts Full call number Barcode Date last seen Copy number Price effective from Koha item type
    Dewey Decimal Classification     Virtual Virtual Online 11/03/2008   ONLINE PUBLICATION 142815-1001 06/08/2019 1 06/08/2019 Book